000 00720pam a2200229 a 4500
001 1524187
005 20240208021034.0
008 900618s1991 enk b 011 0 eng
020 _a0415032466 (HB)
020 _a0415032474 (PB)
040 _aDLC
_cDLC
_dDLC
082 0 0 _a306.8
_220
245 0 0 _aMarriage, domestic life, and social change :
_bwritings for Jacqueline Burgoyne, 1944-88 /
_cedited by David Clark.
260 _aLondon ;
_aNew York, NY :
_bRoutledge,
_c1991.
300 _axvii, 267 p. ;
650 0 _aFamilies
650 0 _aMarriage
700 1 _aBurgoyne, Jacqueline L.
_eedt
700 1 _aClark, David,
_eedt
856 4 2 _uhttp://www.loc.gov/catdir/enhancements/fy0648/90008824-d.html
942 _cL
999 _c331
_d331